Statistics for Teams that have beated the South African Springboks.

Click here to take the quiz!

General Stats

  • This quiz has been taken 19 times
  • The average score is 11 of 13

Answer Stats

PlayedWinsLastTeams% Correct
2852010 Scotland
100%
3232018 Argentina
100%
102612022 New Zealand
100%
91402022 Australia
100%
44162021 England
100%
2672017 Ireland
100%
4072022 Wales
100%
44122022 France
100%
312015 Japan
94%
1512016 Italy
83%
49182021 British and Irish Lions
61%
842010 Barbarian F.C.
39%
531997 French Barbarians
39%

Score Distribution

Percentile by Number Answered

Percent of People with Each Score

Your Score History

You have not taken this quiz